Comparative Analysis of European Union Countries Based on Selected Aspects of Food Security

Táto štúdia hodnotí 24 krajín Európskej únie z hľadiska potravinovej bezpečnosti v roku 2021. V tomto článku sme vyvinuli zložený index potravinovej bezpečnosti zohľadňujúci rôzne váhy ukazovateľov. Údaje boli získané z databáz FAOSTAT a Eurostat. Váhy 10 vstupných ukazovateľov boli odhadnuté pomoco...

Descrizione completa

Salvato in:
Dettagli Bibliografici
Autore principale: Matejková, Eva
Altri autori: Májek, Mária, Qineti, Artan, Sojková, Zlata
Natura: Capitolo di libro
Lingua:inglese
Soggetti:
Tags: Aggiungi Tag
Nessun Tag, puoi essere il primo ad aggiungerne!!

MARC

LEADER 00000naa a2200000 4500
001 0305145
005 20241118101700.4
041 0 |a eng 
044 |a CZ 
245 1 0 |a Comparative Analysis of European Union Countries Based on Selected Aspects of Food Security  |c Eva Matejková, Mária Májek, Artan Qineti, Zlata Sojková 
520 |a Táto štúdia hodnotí 24 krajín Európskej únie z hľadiska potravinovej bezpečnosti v roku 2021. V tomto článku sme vyvinuli zložený index potravinovej bezpečnosti zohľadňujúci rôzne váhy ukazovateľov. Údaje boli získané z databáz FAOSTAT a Eurostat. Váhy 10 vstupných ukazovateľov boli odhadnuté pomocou modelu faktorovej analýzy založeného na analýze hlavných komponentov. Výsledky ukázali, že harmonizovaný index spotrebiteľských cien – potraviny mal najväčší vplyv na index potravinovej bezpečnosti, zatiaľ čo vplyv mediánu ekvivalentného čistého príjmu a mierna alebo závažná potravinová neistota mal najnižší vplyv. Írsko dosiahlo najvyššie hodnotenie podľa Indexu potravinovej bezpečnosti. Bulharsko zažilo najnepriaznivejšiu situáciu spomedzi krajín EÚ. 
610 2 0 |a bezpečnosť potravinová 
610 2 0 |a potravinárstvo 
610 2 0 |a Európska únia 
610 2 0 |a spotrebitelia 
610 2 0 |a udržateľnosť 
100 1 |a Matejková, Eva 
700 1 |a Májek, Mária 
700 1 |a Qineti, Artan 
700 1 |a Sojková, Zlata